000 00365nam a2200133Ia 4500
008 231129s1976||||xx |||||||||||||| ||spa||
020 _a84-7057-203-2
040 _bspa
082 _a291.42 E96e
245 0 _aExegesis y hermeneutica
260 _c1976
264 _aMadrid EspaƱa : Ediciones Cristiandad
942 _2ddc
_cBKS
999 _c13776
_d13776